000 00740nam a2200217 a 4500
001 48639
003 BD-RjUL
005 20211209054546.0
008 160814s1962 bg ||||| |||| 00| 0 ben d
020 _c: Tk. 4.00
035 _a(BD-RjUL)48758
040 _aBD-RjUL
_bben
_cBD-RjUL
041 _aben
082 _223
_a891.4408
_bADH 1962
245 0 0 _aআধুনিক গদ্য-সংগ্রহ /
260 _aঢাকা :
_bবাংলা একাডেমী,
_c১৯৬৩ (মাঘ ১৩৬৯)
300 _a[১২], ১৮৮ পৃ. ;
_c২৪ সেমি
650 _aবাংলা সাহিত্য
_xসংগ্রহ
_9122902
650 _aBengali Literature
_xCollection
_9122903
942 _2ddc
_cBK
999 _c48639
_d48639